Central Library || Chittagong University

Fish and fishery products : (Record no. 112913)

MARC details
000 -LEADER
fixed length control field 00603nam a22002057a 4500
003 - CONTROL NUMBER IDENTIFIER
control field BD-ChCU
005 - DATE AND TIME OF LATEST TRANSACTION
control field 20260512141704.0
008 - FIXED-LENGTH DATA ELEMENTS--GENERAL INFORMATION
fixed length control field 260512b ii ||||| |||| 00| 0 eng d
020 ## - INTERNATIONAL STANDARD BOOK NUMBER
International Standard Book Number 9788170351573
040 ## - CATALOGING SOURCE
Transcribing agency BD-ChCU
082 ## - DEWEY DECIMAL CLASSIFICATION NUMBER
Edition number 23
Classification number 639.2 L368f
100 ## - MAIN ENTRY--PERSONAL NAME
Personal name Laureti, Edmonodo
9 (RLIN) 22857
245 ## - TITLE STATEMENT
Title Fish and fishery products :
Remainder of title world apparent consumption statistics based on food, balance sheets1961-1995 /
Statement of responsibility, etc. Edmonodo, Laureti.
250 ## - EDITION STATEMENT
Edition statement 1ed.
260 ## - PUBLICATION, DISTRIBUTION, ETC.
Place of publication, distribution, etc. New Delhi :
Name of publisher, distributor, etc. Daya Pub.,
Date of publication, distribution, etc. 1996
300 ## - PHYSICAL DESCRIPTION
Extent 253 P. :
504 ## - BIBLIOGRAPHY, ETC. NOTE
Bibliography, etc. note Includes.
650 #0 - SUBJECT ADDED ENTRY--TOPICAL TERM
Topical term or geographic name entry element Fishery.
9 (RLIN) 22858
942 ## - ADDED ENTRY ELEMENTS (KOHA)
Source of classification or shelving scheme Dewey Decimal Classification
Koha item type Books
Suppress in OPAC No
Holdings
Withdrawn status Lost status Source of classification or shelving scheme Damaged status Not for loan Home library Current library Shelving location Date acquired Source of acquisition Total Checkouts Full call number Barcode Date last seen Copy number Price effective from Koha item type
    Dewey Decimal Classification     Chittagong University Library Chittagong University Library Science Reading Room 05/12/2026 purchase   639.2 L368f 343517 05/12/2026 C-1 05/12/2026 Books
    Dewey Decimal Classification     Chittagong University Library Chittagong University Library Science Reading Room 05/12/2026 purchase   639.2 L368f 343518 05/12/2026 C-2 05/12/2026 Books
© Copyright 2026. Chittagong University Library, Installation and Maintenance by Prof. Dr. Md. Alamgir, 01711306253